<?xml version="1.0" encoding="UTF-8"?>
<record
    xmlns:xsi="http://www.w3.org/2001/XMLSchema-instance"
    xsi:schemaLocation="http://www.loc.gov/MARC21/slim http://www.loc.gov/standards/marcxml/schema/MARC21slim.xsd"
    xmlns="http://www.loc.gov/MARC21/slim">

  <leader>00429nam a2200181   4500</leader>
  <controlfield tag="003">SEACOMEC</controlfield>
  <controlfield tag="005">20240422155315.0</controlfield>
  <controlfield tag="008">240422b        |||||||| |||| 00| 0 eng d</controlfield>
  <datafield tag="020" ind1=" " ind2=" ">
    <subfield code="a">9788173716690</subfield>
    <subfield code="c">250.00</subfield>
  </datafield>
  <datafield tag="040" ind1=" " ind2=" ">
    <subfield code="a">SEACOMEC</subfield>
  </datafield>
  <datafield tag="082" ind1=" " ind2=" ">
    <subfield code="a">662.6</subfield>
    <subfield code="b"> S245</subfield>
  </datafield>
  <datafield tag="100" ind1=" " ind2=" ">
    <subfield code="a"> Sarkar, Samir</subfield>
  </datafield>
  <datafield tag="245" ind1="1" ind2=" ">
    <subfield code="a">Fuels and combustion</subfield>
  </datafield>
  <datafield tag="250" ind1=" " ind2=" ">
    <subfield code="a">2nd ed.</subfield>
  </datafield>
  <datafield tag="260" ind1=" " ind2=" ">
    <subfield code="a">Hyderabad</subfield>
    <subfield code="b">Orient Longman</subfield>
    <subfield code="c">2005</subfield>
  </datafield>
  <datafield tag="650" ind1=" " ind2=" ">
    <subfield code="a"> Fuel</subfield>
  </datafield>
  <datafield tag="942" ind1=" " ind2=" ">
    <subfield code="c">BOOK</subfield>
  </datafield>
  <datafield tag="952" ind1=" " ind2=" ">
    <subfield code="0">0</subfield>
    <subfield code="1">0</subfield>
    <subfield code="2">ddc</subfield>
    <subfield code="4">0</subfield>
    <subfield code="7">0</subfield>
    <subfield code="a">SEACOMEC</subfield>
    <subfield code="b">SEACOMEC</subfield>
    <subfield code="d">2006-06-13</subfield>
    <subfield code="l">0</subfield>
    <subfield code="o">662.6  S245</subfield>
    <subfield code="p">3670</subfield>
    <subfield code="r">2024-04-22 15:53:56</subfield>
    <subfield code="w">2024-04-22</subfield>
    <subfield code="y">BOOK</subfield>
  </datafield>
  <datafield tag="952" ind1=" " ind2=" ">
    <subfield code="0">0</subfield>
    <subfield code="1">0</subfield>
    <subfield code="2">ddc</subfield>
    <subfield code="4">0</subfield>
    <subfield code="7">0</subfield>
    <subfield code="a">SEACOMEC</subfield>
    <subfield code="b">SEACOMEC</subfield>
    <subfield code="d">2006-06-13</subfield>
    <subfield code="l">0</subfield>
    <subfield code="o">662.6  S245</subfield>
    <subfield code="p">3671</subfield>
    <subfield code="r">2024-04-22 15:54:24</subfield>
    <subfield code="t">1</subfield>
    <subfield code="w">2024-04-22</subfield>
    <subfield code="y">BOOK</subfield>
  </datafield>
  <datafield tag="952" ind1=" " ind2=" ">
    <subfield code="0">0</subfield>
    <subfield code="1">0</subfield>
    <subfield code="2">ddc</subfield>
    <subfield code="4">0</subfield>
    <subfield code="7">0</subfield>
    <subfield code="a">SEACOMEC</subfield>
    <subfield code="b">SEACOMEC</subfield>
    <subfield code="d">2006-06-13</subfield>
    <subfield code="l">0</subfield>
    <subfield code="o">662.6  S245</subfield>
    <subfield code="p">3672</subfield>
    <subfield code="r">2024-04-22 15:54:24</subfield>
    <subfield code="t">2</subfield>
    <subfield code="w">2024-04-22</subfield>
    <subfield code="y">BOOK</subfield>
  </datafield>
  <datafield tag="952" ind1=" " ind2=" ">
    <subfield code="0">0</subfield>
    <subfield code="1">0</subfield>
    <subfield code="2">ddc</subfield>
    <subfield code="4">0</subfield>
    <subfield code="7">0</subfield>
    <subfield code="a">SEACOMEC</subfield>
    <subfield code="b">SEACOMEC</subfield>
    <subfield code="d">2006-06-13</subfield>
    <subfield code="l">0</subfield>
    <subfield code="o">662.6  S245</subfield>
    <subfield code="p">3673</subfield>
    <subfield code="r">2024-04-22 15:54:24</subfield>
    <subfield code="t">3</subfield>
    <subfield code="w">2024-04-22</subfield>
    <subfield code="y">BOOK</subfield>
  </datafield>
  <datafield tag="952" ind1=" " ind2=" ">
    <subfield code="0">0</subfield>
    <subfield code="1">0</subfield>
    <subfield code="2">ddc</subfield>
    <subfield code="4">0</subfield>
    <subfield code="7">0</subfield>
    <subfield code="a">SEACOMEC</subfield>
    <subfield code="b">SEACOMEC</subfield>
    <subfield code="d">2006-06-13</subfield>
    <subfield code="l">0</subfield>
    <subfield code="o">662.6  S245</subfield>
    <subfield code="p">3674</subfield>
    <subfield code="r">2024-04-22 15:54:24</subfield>
    <subfield code="t">4</subfield>
    <subfield code="w">2024-04-22</subfield>
    <subfield code="y">BOOK</subfield>
  </datafield>
  <datafield tag="952" ind1=" " ind2=" ">
    <subfield code="0">0</subfield>
    <subfield code="1">0</subfield>
    <subfield code="2">ddc</subfield>
    <subfield code="4">0</subfield>
    <subfield code="7">0</subfield>
    <subfield code="a">SEACOMEC</subfield>
    <subfield code="b">SEACOMEC</subfield>
    <subfield code="d">2006-06-13</subfield>
    <subfield code="l">0</subfield>
    <subfield code="o">662.6  S245</subfield>
    <subfield code="p">3675</subfield>
    <subfield code="r">2024-04-22 15:54:24</subfield>
    <subfield code="t">5</subfield>
    <subfield code="w">2024-04-22</subfield>
    <subfield code="y">BOOK</subfield>
  </datafield>
  <datafield tag="952" ind1=" " ind2=" ">
    <subfield code="0">0</subfield>
    <subfield code="1">0</subfield>
    <subfield code="2">ddc</subfield>
    <subfield code="4">0</subfield>
    <subfield code="7">0</subfield>
    <subfield code="a">SEACOMEC</subfield>
    <subfield code="b">SEACOMEC</subfield>
    <subfield code="d">2006-06-13</subfield>
    <subfield code="l">0</subfield>
    <subfield code="o">662.6  S245</subfield>
    <subfield code="p">3676</subfield>
    <subfield code="r">2024-04-22 15:54:24</subfield>
    <subfield code="t">6</subfield>
    <subfield code="w">2024-04-22</subfield>
    <subfield code="y">BOOK</subfield>
  </datafield>
  <datafield tag="952" ind1=" " ind2=" ">
    <subfield code="0">0</subfield>
    <subfield code="1">0</subfield>
    <subfield code="2">ddc</subfield>
    <subfield code="4">0</subfield>
    <subfield code="7">0</subfield>
    <subfield code="a">SEACOMEC</subfield>
    <subfield code="b">SEACOMEC</subfield>
    <subfield code="d">2006-06-13</subfield>
    <subfield code="l">0</subfield>
    <subfield code="o">662.6  S245</subfield>
    <subfield code="p">3677</subfield>
    <subfield code="r">2024-04-22 15:54:24</subfield>
    <subfield code="t">7</subfield>
    <subfield code="w">2024-04-22</subfield>
    <subfield code="y">BOOK</subfield>
  </datafield>
  <datafield tag="952" ind1=" " ind2=" ">
    <subfield code="0">0</subfield>
    <subfield code="1">0</subfield>
    <subfield code="2">ddc</subfield>
    <subfield code="4">0</subfield>
    <subfield code="7">0</subfield>
    <subfield code="a">SEACOMEC</subfield>
    <subfield code="b">SEACOMEC</subfield>
    <subfield code="d">2006-06-13</subfield>
    <subfield code="l">0</subfield>
    <subfield code="o">662.6  S245</subfield>
    <subfield code="p">3678</subfield>
    <subfield code="r">2024-04-22 15:54:24</subfield>
    <subfield code="t">8</subfield>
    <subfield code="w">2024-04-22</subfield>
    <subfield code="y">BOOK</subfield>
  </datafield>
  <datafield tag="952" ind1=" " ind2=" ">
    <subfield code="0">0</subfield>
    <subfield code="1">0</subfield>
    <subfield code="2">ddc</subfield>
    <subfield code="4">0</subfield>
    <subfield code="7">0</subfield>
    <subfield code="a">SEACOMEC</subfield>
    <subfield code="b">SEACOMEC</subfield>
    <subfield code="d">2006-06-13</subfield>
    <subfield code="l">0</subfield>
    <subfield code="o">662.6  S245</subfield>
    <subfield code="p">3679</subfield>
    <subfield code="r">2024-04-22 15:54:24</subfield>
    <subfield code="t">9</subfield>
    <subfield code="w">2024-04-22</subfield>
    <subfield code="y">BOOK</subfield>
  </datafield>
  <datafield tag="952" ind1=" " ind2=" ">
    <subfield code="0">0</subfield>
    <subfield code="1">0</subfield>
    <subfield code="2">ddc</subfield>
    <subfield code="4">0</subfield>
    <subfield code="7">0</subfield>
    <subfield code="a">SEACOMEC</subfield>
    <subfield code="b">SEACOMEC</subfield>
    <subfield code="d">2006-06-13</subfield>
    <subfield code="l">0</subfield>
    <subfield code="o">662.6  S245</subfield>
    <subfield code="p">3680</subfield>
    <subfield code="r">2024-04-22 15:54:24</subfield>
    <subfield code="t">10</subfield>
    <subfield code="w">2024-04-22</subfield>
    <subfield code="y">BOOK</subfield>
  </datafield>
  <datafield tag="952" ind1=" " ind2=" ">
    <subfield code="0">0</subfield>
    <subfield code="1">0</subfield>
    <subfield code="2">ddc</subfield>
    <subfield code="4">0</subfield>
    <subfield code="7">0</subfield>
    <subfield code="a">SEACOMEC</subfield>
    <subfield code="b">SEACOMEC</subfield>
    <subfield code="d">2006-06-13</subfield>
    <subfield code="l">0</subfield>
    <subfield code="o">662.6  S245</subfield>
    <subfield code="p">3681</subfield>
    <subfield code="r">2024-04-22 15:54:24</subfield>
    <subfield code="t">11</subfield>
    <subfield code="w">2024-04-22</subfield>
    <subfield code="y">BOOK</subfield>
  </datafield>
  <datafield tag="952" ind1=" " ind2=" ">
    <subfield code="0">0</subfield>
    <subfield code="1">0</subfield>
    <subfield code="2">ddc</subfield>
    <subfield code="4">0</subfield>
    <subfield code="7">0</subfield>
    <subfield code="a">SEACOMEC</subfield>
    <subfield code="b">SEACOMEC</subfield>
    <subfield code="d">2006-06-13</subfield>
    <subfield code="l">0</subfield>
    <subfield code="o">662.6  S245</subfield>
    <subfield code="p">3682</subfield>
    <subfield code="r">2024-04-22 15:54:24</subfield>
    <subfield code="t">12</subfield>
    <subfield code="w">2024-04-22</subfield>
    <subfield code="y">BOOK</subfield>
  </datafield>
  <datafield tag="952" ind1=" " ind2=" ">
    <subfield code="0">0</subfield>
    <subfield code="1">0</subfield>
    <subfield code="2">ddc</subfield>
    <subfield code="4">0</subfield>
    <subfield code="7">0</subfield>
    <subfield code="a">SEACOMEC</subfield>
    <subfield code="b">SEACOMEC</subfield>
    <subfield code="d">2006-06-13</subfield>
    <subfield code="l">0</subfield>
    <subfield code="o">662.6  S245</subfield>
    <subfield code="p">3683</subfield>
    <subfield code="r">2024-04-22 15:54:24</subfield>
    <subfield code="t">13</subfield>
    <subfield code="w">2024-04-22</subfield>
    <subfield code="y">BOOK</subfield>
  </datafield>
  <datafield tag="952" ind1=" " ind2=" ">
    <subfield code="0">0</subfield>
    <subfield code="1">0</subfield>
    <subfield code="2">ddc</subfield>
    <subfield code="4">0</subfield>
    <subfield code="7">0</subfield>
    <subfield code="a">SEACOMEC</subfield>
    <subfield code="b">SEACOMEC</subfield>
    <subfield code="d">2006-06-13</subfield>
    <subfield code="l">0</subfield>
    <subfield code="o">662.6  S245</subfield>
    <subfield code="p">3684</subfield>
    <subfield code="r">2024-04-22 15:54:24</subfield>
    <subfield code="t">14</subfield>
    <subfield code="w">2024-04-22</subfield>
    <subfield code="y">BOOK</subfield>
  </datafield>
  <datafield tag="999" ind1=" " ind2=" ">
    <subfield code="c">921</subfield>
    <subfield code="d">921</subfield>
  </datafield>
</record>
